Statystyki dla Polscy Youtuberzy Po Opisie

Kliknij tutaj aby rozwiązać quiz!

Ogólne statystyki

  • Ten quiz został rozwiązany 193 razy
  • Średni wynik to 5 z 10

Statystyki odpowiedzi

PodpowiedźYoutuber% Poprawnych
10 latka z ponad Milionem subówHejka tu Lenka
76%
Znany z najlepszych pranków na polskim YTMarcin Dubiel
71%
Znany z Lifehacków i JDDisStream
66%
Chłopak Sylwii PrzybyszJDabrowsky
59%
Największy kanał z GTA 5 w polsceKaluch
56%
3 największy kanał na Polskim YTreZigiusz
46%
Członek Ekipy Fantasy, po nicku powiązany ze zwierzęciemKoza Sport
42%
Montażysta Gimpera który w swojej Brzydkiej16 Użył słów cytuję"Kocham smak masła z chlebem"yachuprodukcja
31%
Kanał o piłce nożnej znany z międzyinnymi serii S.U.K.AFootroll
21%
Członek Ekipy Friza z najmniejszą liczbą subskrypcji (595 tys.)Marcysia Ryskala
19%

Rozkład punktacji

Percentyl według liczby udzielonych odpowiedzi

Procent ludzi z każdym wynikiem

Twoja historia wyników

Nie rozwiązałeś tego quizu